000 00672nam a2200217Ii 4500
003 JO-AjNU
008 230605s9999||||xx |||||||||||||| ||und||
017 _a1294/1984
040 _aJO-AjNU
_bara
_erda
_cJO-AjNU
041 _aara
050 1 4 _aBF38 1984
100 3 _aبرنهارت ؛ ترجمة: ابراهيم عبد الله محي,
_eauthor
_919687
245 0 0 _aعلم النفس في حياتنا العملية
250 _aط4
264 3 1 _aبغداد: مكتبة اسعد، 1984
300 _a280ص
336 _atext
_btxt
_2rdacontent
337 _aunmediated
_bn
_2rdamedia
338 _avolume
_bnc
_2rdacarrier
650 4 _aعلم النفس
_919688
999 _aA6540
_c10108
_d10108